书目信息 |
| 题名: |
现代青年常用知识全知道
|
|
| 作者: | 任浩之 编著 | |
| 分册: | ||
| 出版信息: | 北京 当代世界出版社 2008.02 |
|
| 页数: | 23, 468页 | |
| 开本: | 24cm | |
| 丛书名: | ||
| 单 册: | ||
| 中图分类: | Z228.2 | |
| 科图分类: | ||
| 主题词: | 科学知识--ke xue zhi shi | |
| 电子资源: | ||
| ISBN: | 978-7-5090-0309-1 | |
| 000 | 00788nam0 2200229 450 | |
| 001 | 012008552400 | |
| 005 | 20080626145315.17 | |
| 010 | @a978-7-5090-0309-1@dCNY45.80 | |
| 100 | @a20080626d2008 em y0chiy0120 ea | |
| 101 | 0 | @achi |
| 102 | @aCN@b110000 | |
| 105 | @ay z 000yy | |
| 106 | @ar | |
| 200 | 1 | @a现代青年常用知识全知道@Axian dai qing nian chang yong zhi shi quan zhi dao@f任浩之编著@Fren hao zhi bian zhu |
| 210 | @a北京@c当代世界出版社@d2008.02 | |
| 215 | @a23, 468页@d24cm | |
| 330 | @a本书共分二十五章,涉及政治、军事、文学、艺术、历史、社会、教育、法律、科技、生活等方方面面,全书3000个知识点。 | |
| 606 | 0 | @a科学知识@Ake xue zhi shi |
| 690 | @aZ228.2@v4 | |
| 701 | 0 | @a任浩之@Aren hao zhi@4编著 |
| 801 | 0 | @aCN@bQSSK@c20080626 |
| 905 | @b729242-44@dZ228.2@eR479@f3 | |
| 现代青年常用知识全知道/任浩之编著.-北京:当代世界出版社,2008.02 |
| 23, 468页;24cm |
| ISBN 978-7-5090-0309-1:CNY45.80 |
| 本书共分二十五章,涉及政治、军事、文学、艺术、历史、社会、教育、法律、科技、生活等方方面面,全书3000个知识点。 |
| ● |
| 相关链接 |
|
|
|
正题名:现代青年常用知识全知道
索取号:Z228.2/R479
 
预约/预借
| 序号 | 登录号 | 条形码 | 馆藏地/架位号 | 状态 | 备注 |
| 1 | 729242 | 207292428 | 期刊室512/501自科库 129排1列2层/ [索取号:Z228.2/R479] | 在馆 | |
| 2 | 729243 | 207292437 | 自科库501/501自科库 129排1列2层/ [索取号:Z228.2/R479] | 在馆 | |
| 3 | 729244 | 207292446 | 自科库501/501自科库 128排2列5层/ [索取号:Z228.2/R479] | 在馆 |